000 00324nam a2200109Ia 4500
008 171211s9999 xx 000 0 und d
245 _aClassical Chinese: A Basic Reader
245 _cHaitao Tang, James Geiss, and Naiying Yuan
260 _c2017
650 _xCULTURE
856 _uhttp://down.ebook777.com/063/0691174571.pdf
999 _c347782
_d347782